El León que rugió

Uloženo v:
Podrobná bibliografie
Hlavní autor: Dykstra, María
Médium: Text
Vydáno: Heredia :
Tagy: Přidat tag
Žádné tagy, Buďte první, kdo vytvoří štítek k tomuto záznamu!

MARC

LEADER 00000 a a2200000 04500
001 15710
003
040 |a CRAI/IIS  |c CRAI/IIS 
090 |a 014400  
100 |a Dykstra, María  
245 |a El León que rugió  
260 |a Heredia :  
300 |a 9 p.  
999 |c 17640  |d 17640